| 000 | 00427cam a2200181 4500 | ||
|---|---|---|---|
| 001 | D4141 | ||
| 008 | 090401t1974 xxu||||| |||| 00| 0 eng d | ||
| 035 | _a(Sirsi) u76695 | ||
| 041 | _aeng | ||
| 050 | _a693.893 | ||
| 100 | _aGratwick, R.T. | ||
| 245 | _aDampness in buildings | ||
| 260 |
_aLondon _bCrosby Lockwood Staples _c1974 |
||
| 300 | _aviii. 375p. illus. 22cm | ||
| 350 | _a7 | ||
| 942 | _n0 | ||
| 948 | _c04/03/1997 | ||
| 999 |
_c96231 _d96231 |
||